North American National Parks- Sudden Death - Statistics

General Stats
  • This quiz has been taken 70 times
  • The average score is 8 of 16
Answers on the Grid
Answers color-coded by a green-red scale on the quiz's grid according to % correct below.
Yellowstone
Yosemite
Kruger
Banff
Cairngorms
Chagres
Voyageurs
Gir Forest
Arenal Volcano
Everglades
Shenandoah
New England
Jau
Basaseachic Falls
Tikal
Denali
Mount Kilimanjaro
Gran Paradiso
Saguaro
Jasper
Wood Buffalo
Congaree
Chobe
Carlsbad Caverns
 
Answer Stats
Answer % Correct
United States Yosemite
100%
United States Yellowstone
97%
United States Everglades
82%
Canada Banff
63%
United States Denali
61%
United States Shenandoah
61%
United States Carlsbad Caverns
55%
United States Saguaro
45%
United States Congaree
42%
United States Voyageurs
39%
Canada Jasper
37%
Canada Wood Buffalo
26%
Costa Rica Arenal Volcano
18%
Guatemala Tikal
18%
Mexico Basaseachic Falls
16%
Panama Chagres
13%
No matching quizzes found
Score Distribution
Percent of People with Each Score
Percentile by Number Answered
Your Score History
You have not taken this quiz